Sedimentary petrology : (Registro nro. 77824)

Detalles MARC
000 -CABECERA
campo de control de longitud fija 00563cam a22002052u 4500
001 - NÚMERO DE CONTROL
campo de control LIBRI-026451
003 - IDENTIFICADOR DEL NÚMERO DE CONTROL
campo de control AR-CrUNPB
007 - CAMPO FIJO DE DESCRIPCIÓN FÍSICA--INFORMACIÓN GENERAL
campo de control de longitud fija ta
008 - DATOS DE LONGITUD FIJA--INFORMACIÓN GENERAL
campo de control de longitud fija 170901s1991 xxu r 000 0 eng d
020 ## - NÚMERO INTERNACIONAL ESTÁNDAR DEL LIBRO
Número Internacional Estándar del Libro 0632029595
040 ## - FUENTE DE LA CATALOGACIÓN
Centro catalogador/agencia de origen AR-CrUNPB
082 0# - NÚMERO DE LA CLASIFICACIÓN DECIMAL DEWEY
Número de clasificación 552.5/T.32
Número de edición 20
100 1# - ENTRADA PRINCIPAL--NOMBRE DE PERSONA
Nombre de persona Tucker, Maurice E.
245 10 - MENCIÓN DE TÍTULO
Título Sedimentary petrology :
Resto del título an introduction to the origin of sedimentary rocks /
Mención de responsabilidad, etc. Maurice E. Tucker
255 ## - DATOS MATEMÁTICOS CARTOGRÁFICOS
Mención de escala .5
260 ## - PUBLICACIÓN, DISTRIBUCIÓN, ETC. (PIE DE IMPRENTA)
Lugar de publicación, distribución, etc. Cambridge :
Nombre del editor, distribuidor, etc. Blackwell,
Fecha de publicación, distribución, etc. 1991
300 ## - DESCRIPCIÓN FÍSICA
Extensión viii,260p
590 ## - NOTA LOCAL (RLIN)
Nota local Registros migrados a formato MARC
942 ## - ELEMENTOS DE PUNTO DE ACCESO ADICIONAL (KOHA)
Tipo de ítem Koha Libros
910 ## - Autoría del registro
Catalogador/fecha LG19950405

No hay ítems disponibles.

Con tecnología Koha